| 000 | | | 04842nmc2a22003013x 450 |
| 001 | | | 3eb468b7-4355-4a60-811d-144d07de2b3c |
| 005 | | | 20241221111737.0 |
| 100 | ## | $a | 20241113l19301931k y0rusy50 ca |
| 101 | 0# | $a | rus |
| | $a | mul |
| 102 | ## | $a | RU |
| 105 | ## | $a | a z |||e| |
| 122 | 2# | $a | d19301005 |
| | $a | d19310120 |
| 200 | 1# | $a | Докладная записка об установлении оплаты заявлений, подаваемых гражданами в сельские Советы и разного рода справок и удостоверений, выдаваемых с/советами гражданам и переписка |
| | $j | 5 октября 1930 - 20 января 1931 |
| 215 | ## | $a | 16 листов |
| | $c | табл. |
| | $d | 37,8 х 24,5 |
| 251 | ## | $c | Дело |
| 300 | ## | $a | Листы: 16 листов, в том числе: литерные номера листов 1а + листов внутренней описи I |
| 300 | ## | $a | Часть текста на иностранных языках |
| 300 | ## | $a | Часть текста машинописная и рукописная, часть - напечатана типографским способом |
| 324 | ## | $a | В деле имеются копии отдельных документов |
| 461 | #0 | $1 | 001796d4672-8a00-4986-b488-6e42273792cc |
| | $1 | 2001 |
| | $a | ЦЕНТРАЛЬНЫЙ ИСПОЛНИТЕЛЬНЫЙ КОМИТЕТ СССР (ЦИК СССР). |
| | $1 | 251 |
| | $c | Фонд |
| | $1 | 852 |
| | $g | Р |
| | $j | 3316 |
| 462 | #0 | $1 | 0017ec774ca-f130-4901-bc43-09a1cb14aa51 |
| | $1 | 2001 |
| | $a | Дела Секретариата Президиума ЦИК Союза ССР. 1930 г. |
| | $v | Д. 1457 |
| | $1 | 251 |
| | $c | Опись |
| | $1 | 852 |
| | $j | 23 |
| 605 | ## | $3 | DITM\AF\0000002775 |
| | $a | Власть |
| | $l | коллекция |
| | $2 | acquisition_prlib |
| 610 | 1# | $a | Докладная записка |
| | $a | Оплата |
| | $a | Заявления |
| | $a | Сельские советы |
| | $a | Справки |
| | $a | Удостоверения |
| | $a | Переписка |
| 686 | ## | $a | 63.3(2)61-332ю1 |
| | $c | История |
| | $2 | rubbk |
| 686 | ## | $a | 67.400.6ю1 |
| | $c | Право |
| | $2 | rubbk |
| 801 | #0 | $a | RU |
| | $b | GA_RF |
| 801 | #1 | $a | RU |
| | $b | ГлавНИВЦ |
| | $c | 20241113 |
| | $2 | rusmarc |
| 801 | #2 | $a | RU |
| | $b | ПБ им. Б.Н. Ельцина |
| | $c | 20241221 |
| | $g | RCR |
| | $2 | rusmarc |
| 852 | ## | $a | ГА РФ |
| | $j | 1457 |
| 937 | ## | $d | 195593510 |
| | $h | ГАРФ |
| 035 | ## | $a | RuPRLIB51078501 |
| 856 | ## | $u | http://readingroom.main.prlib.ru/item.aspx?id_node=n195593510&mode=full |